000 00523nam a2200253Ia 4500
001 071049
003 YMCAF
005 20230512160704.0
008 100717s1975 ||||||||||||||||| ||und|d
020 _a-
024 _a71049
035 _a10512
040 _aYMCAF
_beng
_cIN-KoLT
041 _aeng
082 _a658.5
_bBAN
100 _aBANGA, T R
245 0 _aINDUSTRIAL ENGINEERING AND MANUFACTURING
250 _a-
260 _b-
_c1975
300 _a539
653 _a-
653 _a-
942 _2ddc
_cBK
999 _c5905
_d5905